International Scholarship Guide (Record no. 7460)

MARC details
000 -LEADER
fixed length control field 00292nam a2200121 4500
082 ## - DEWEY DECIMAL CLASSIFICATION NUMBER
Classification number 378.02FAR
100 ## - MAIN ENTRY--AUTHOR NAME
Personal name Fardows, Nayer
245 ## - TITLE STATEMENT
Title International Scholarship Guide
260 ## - PUBLICATION, DISTRIBUTION, ETC. (IMPRINT)
Place of publication Lahore:
Name of publisher Higher Education,
300 ## - PHYSICAL DESCRIPTION
Number of Pages 260p. ;
650 ## - SUBJECT ADDED ENTRY--TOPICAL TERM
Topical Term International Scholarship Guide
942 ## - ADDED ENTRY ELEMENTS (KOHA)
Koha item type Books
Holdings
Withdrawn status Lost status Collection code Home library Current library Date acquired Full call number Accession Number Koha item type
    Reference Reference Section Reference Section 23/06/2014 378.02FAR (Shelf - 23D) 25394 Books